MARC

LEADER 00000nam0a2200000 4500
001 342684
005 20231102005458.0
035 |a (RuTPU)RU\TPU\book\371863 
090 |a 342684 
100 |a 20190321d1980 km y0rusy50 ca 
101 0 |a rus 
102 |a RU 
105 |a a z 001zb 
200 1 |a Кирик Новгородец - ученый XII века  |f Р. А. Симонов  |g Академия наук СССР 
210 |a Москва  |c Наука  |d 1980 
215 |a 112 с.  |c ил. 
225 1 |a Научные биографии 
320 |a Библиогр.: с. 102-110 
600 0 |a Кирик Новгородец  |f 1110-11??  |c автор первого на Руси математического трактата  |2 stltpush  |3 (RuTPU)RU\TPU\pers\5912 
606 1 |a Математики  |x Персоналии  |2 stltpush  |3 (RuTPU)RU\TPU\subj\69235  |9 84202 
610 1 |a Древняя Русь 
610 1 |a математическая наука 
610 1 |a история 
610 1 |a 12 век 
610 1 |a счет 
610 1 |a календари 
610 1 |a научные труды 
675 |a 51(092)  |v 4 
700 1 |a Симонов  |b Р. А.  |g Рем Александрович 
712 0 2 |a Академия наук СССР  |c (Ленинград/Москва)  |c (1925-1991)  |2 stltpush  |3 (RuTPU)RU\TPU\col\722  |9 23473 
801 1 |a RU  |b 63413507  |c 20190321 
801 2 |a RU  |b 63413507  |c 20210415  |g RCR 
942 |c BK